[Event "CZE-chT2C 1920"]
[Site "Czech Republic"]
[Date "2020.06.28"]
[Round "11.2"]
[White "Srba, Milan"]
[Black "Vitak, Jiri"]
[Result "0-1"]
[WhiteElo "2144"]
[BlackElo "2220"]
[PlyCount "164"]
[EventDate "2019.10.13"]
[EventType "team-tourn"]
[EventRounds "11"]
[EventCountry "CZE"]
[SourceTitle "EXT 2024"]
[Source "ChessBase"]
[SourceDate "2023.10.10"]
[SourceVersion "1"]
[SourceVersionDate "2023.10.10"]
[SourceQuality "1"]
[WhiteTeam "Mlada Boleslav"]
[BlackTeam "Liberec Desko"]
[WhiteTeamCountry "CZE"]
[BlackTeamCountry "CZE"]

1. e4 c5 2. Nf3 d6 3. d4 cxd4 4. Nxd4 Nf6 5. Nc3 a6 6. Bg5 Nbd7 7. Qe2 e6 8. 0-0-0 Qc7 9. f4 b5 10. g4 Bb7 11. Bg2 Be7 12. Rhe1 b4 13. Nd5 exd5 14. exd5 0-0 15. Qxe7 Rfe8 16. Bxf6 Rxe7 17. Bxe7 Rc8 18. Nc6 Nb8 19. Nxb4 a5 20. Nc6 Nxc6 21. dxc6 Bxc6 22. Bxd6 Qb6 23. Bxc6 Qxc6 24. Rd2 h6 25. h4 Re8 26. Red1 Qf3 27. g5 h5 28. c4 Re2 29. c5 Rxd2 30. Kxd2 Qd5+ 31. Kc2 Qxa2 32. Rd3 Qa4+ 33. b3 Qe4 34. Be5 a4 35. bxa4 Qxa4+ 36. Rb3 f6 37. Bd6 fxg5 38. hxg5 g6 39. Kb2 Kf7 40. Be5 h4 41. Rb7+ Ke8 42. Rb6 Qe4 43. Re6+ Kd7 44. Rd6+ Kc8 45. c6 h3 46. Kc3 Qe1+ 47. Kc4 Qc1+ 48. Kb4 Qb1+ 49. Kc5 Qc2+ 50. Kb4 h2 51. Rf6 Qd2+ 52. Kb3 h1Q 53. Rf8+ Qd8 54. Rxd8+ Kxd8 55. c7+ Kd7 56. Kc4 Qc6+ 57. Kd4 Ke6 58. Kd3 Qc5 59. Ke4 Qc4+ 60. Kf3 Qd3+ 61. Kg4 Qc2 62. Kf3 Kd5 63. Ke3 Qf5 64. Kd2 Kc4 65. Ke3 Qd7 66. Ke2 Kb4 67. Bd6+ Kc3 68. Ke3 Kc4 69. Be5 Qh3+ 70. Ke2 Kd5 71. Kd2 Ke4 72. Kc2 Qd3+ 73. Kb2 Qc4 74. Bd6 Ke3 75. Be5 Kd3 76. Bd6 Qc3+ 77. Kb1 Qc2+ 78. Ka1 Ke4 79. Be5 Kf5 80. Bd6 Ke6 81. Be5 Kd7 82. f5 Qxf5 0-1

[Event "Oberliga Wuerttemberg 1819"]
[Site "Wuerttemberg"]
[Date "2019.03.24"]
[Round "8"]
[White "Kaufmann, Thorsten"]
[Black "Srba, Milan"]
[Result "0-1"]
[WhiteElo "2085"]
[BlackElo "2186"]
[PlyCount "64"]
[EventDate "2018.09.23"]
[EventType "team-tourn"]
[EventRounds "9"]
[EventCountry "GER"]
[SourceTitle "EXT 2020"]
[Source "ChessBase"]
[SourceDate "2019.10.17"]
[SourceVersion "1"]
[SourceVersionDate "2019.10.17"]
[SourceQuality "1"]
[WhiteTeam "Sontheim/Brenz"]
[BlackTeam "Weiler im Allgaeu"]
[WhiteTeamCountry "GER"]
[BlackTeamCountry "GER"]

1. e4 e6 2. d4 d5 3. Bd3 Nc6 4. c3 e5 5. Nf3 exd4 6. exd5 Qxd5 7. cxd4 Bf5 8. Qe2+ Be7 9. Nc3 Bxd3 10. Qxd3 Qh5 11. Bf4 0-0-0 12. 0-0-0 Nf6 13. d5 Bd6 14. Bxd6 Rxd6 15. Qc4 Ne5 16. Nxe5 Qxe5 17. Nb5 Rxd5 18. Rxd5 Nxd5 19. Nxa7+ Kb8 20. Nb5 c6 21. Nc3 Qg5+ 22. Kb1 Qxg2 23. Rd1 Qg6+ 24. Ka1 Qc2 25. Rb1 Rd8 26. Qd4 f6 27. Nxd5 Rxd5 28. Qh4 Rd1 29. Qg3+ Ka7 30. Qa3+ Kb6 31. Qb4+ Ka6 32. Qa3+ Kb5 0-1

[Event "CZE-chT2A 1718"]
[Site "Czech Republic"]
[Date "2018.04.08"]
[Round "11.4"]
[White "Zboril, Jaroslav"]
[Black "Srba, Milan"]
[Result "0-1"]
[WhiteElo "1953"]
[BlackElo "2185"]
[PlyCount "50"]
[EventDate "2017.10.15"]
[EventType "team-tourn"]
[EventRounds "11"]
[EventCountry "CZE"]
[SourceTitle "EXT 2022"]
[Source "ChessBase"]
[SourceDate "2021.10.06"]
[SourceVersion "1"]
[SourceVersionDate "2021.10.06"]
[SourceQuality "1"]
[WhiteTeam "Sokolov"]
[BlackTeam "Praha Vrsovice"]
[WhiteTeamCountry "CZE"]
[BlackTeamCountry "CZE"]

1. c4 e5 2. Nc3 Nf6 3. g3 Bb4 4. Bg2 c6 5. Nf3 Qe7 6. 0-0 0-0 7. Qb3 Re8 8. d4 e4 9. Ng5 d5 10. cxd5 Bxc3 11. bxc3 cxd5 12. Nh3 h6 13. Nf4 Qd8 14. e3 Nc6 15. Rb1 b6 16. Re1 g5 17. Ne2 Bg4 18. Bd2 Na5 19. Qc2 Nc4 20. h3 Na3 21. Qb3 Nxb1 22. Qxb1 Bf3 23. Bxf3 exf3 24. Nc1 Ne4 25. Nb3 Qc8 0-1

[Event "CZE-chT2C 1516"]
[Site "Czech Republic"]
[Date "2016.04.03"]
[Round "10.3"]
[White "Srba, Milan"]
[Black "Priehoda, Vitezslav"]
[Result "0-1"]
[WhiteElo "2203"]
[BlackElo "2364"]
[PlyCount "58"]
[EventDate "2015.10.18"]
[EventType "team-tourn"]
[EventRounds "11"]
[EventCountry "CZE"]
[SourceTitle "EXT 2022"]
[Source "ChessBase"]
[SourceDate "2021.10.06"]
[SourceVersion "1"]
[SourceVersionDate "2021.10.06"]
[SourceQuality "1"]
[WhiteTeam "Praha Vrsovice"]
[BlackTeam "Lysa nad Labem III"]
[WhiteTeamCountry "CZE"]
[BlackTeamCountry "CZE"]

1. e4 e6 2. d4 d5 3. Nd2 Nc6 4. Ngf3 Nf6 5. e5 Nd7 6. Bb5 a5 7. 0-0 Na7 8. Bd3 c5 9. c3 Nc6 10. Re1 cxd4 11. cxd4 Qb6 12. Nb1 Nxd4 13. Nxd4 Qxd4 14. Nc3 Bc5 15. Be3 Qh4 16. g3 Qe7 17. Nb5 0-0 18. Qc2 h6 19. Bf4 b6 20. a3 Ba6 21. Rad1 Rac8 22. Qe2 Bxb5 23. Bxb5 Kh8 24. Bd3 f5 25. exf6 Rxf6 26. Bb1 g5 27. Be3 Rcf8 28. Rd2 Qf7 29. Qd3 Ne5 0-1

[Event "CZE-chT2C 1516"]
[Site "Czech Republic"]
[Date "2015.11.22"]
[Round "3.2"]
[White "Srba, Milan"]
[Black "Belousek, Michal"]
[Result "1-0"]
[WhiteElo "2203"]
[BlackElo "2058"]
[PlyCount "79"]
[EventDate "2015.10.18"]
[EventType "team-tourn"]
[EventRounds "11"]
[EventCountry "CZE"]
[SourceTitle "EXT 2022"]
[Source "ChessBase"]
[SourceDate "2021.10.06"]
[SourceVersion "1"]
[SourceVersionDate "2021.10.06"]
[SourceQuality "1"]
[WhiteTeam "Praha Vrsovice"]
[BlackTeam "Svetla nad Sazavou"]
[WhiteTeamCountry "CZE"]
[BlackTeamCountry "CZE"]

1. e4 c5 2. Nf3 e6 3. d4 cxd4 4. Nxd4 Nc6 5. Nb5 d6 6. Bf4 e5 7. Be3 Nf6 8. Bc4 a6 9. N5c3 Be6 10. Bb3 Be7 11. Bg5 Nd7 12. Be3 Nf6 13. a4 0-0 14. 0-0 Bxb3 15. cxb3 b5 16. f3 Nb4 17. Bg5 d5 18. Bxf6 Qb6+ 19. Kh1 Qxf6 20. exd5 Rad8 21. axb5 axb5 22. Ra5 Rd7 23. Rxb5 Qa6 24. Re1 Rfd8 25. Na3 g6 26. Nc4 f6 27. f4 exf4 28. h4 Na2 29. Rb6 Nxc3 30. bxc3 Qa8 31. d6 Bf8 32. Qd4 Re8 33. Rxe8 Qxe8 34. Kh2 Qe1 35. Qxf4 Qxc3 36. Qe4 Kf7 37. Rb8 Kg7 38. Qe6 Bxd6+ 39. Nxd6 Qc7 40. Rb7 1-0

[Event "CZE-chT2A 1415"]
[Site "Czech Republic"]
[Date "2015.01.25"]
[Round "6.3"]
[White "Folk, Petr"]
[Black "Srba, Milan"]
[Result "1-0"]
[WhiteElo "2154"]
[BlackElo "2145"]
[PlyCount "87"]
[EventDate "2014.11.02"]
[EventType "team-tourn"]
[EventRounds "11"]
[EventCountry "CZE"]
[SourceTitle "EXT 2022"]
[Source "ChessBase"]
[SourceDate "2021.10.06"]
[SourceVersion "1"]
[SourceVersionDate "2021.10.06"]
[SourceQuality "1"]
[WhiteTeam "Kozolupy"]
[BlackTeam "Praha Vrsovice"]
[WhiteTeamCountry "CZE"]
[BlackTeamCountry "CZE"]

1. e4 e6 2. d4 d5 3. Nc3 Nf6 4. e5 Nfd7 5. f4 c5 6. Nf3 Nc6 7. Be3 Qb6 8. Na4 Qa5+ 9. c3 b6 10. Bd2 c4 11. b4 Nxb4 12. cxb4 Bxb4 13. Qc2 Bxd2+ 14. Nxd2 b5 15. Nc3 0-0 16. Be2 f6 17. exf6 Nxf6 18. 0-0 Bd7 19. a3 Qb6 20. Nf3 a5 21. Rab1 b4 22. Na2 b3 23. Qc1 Be8 24. Nc3 Bg6 25. Rb2 Ne4 26. Nxe4 Bxe4 27. Qe3 Rac8 28. Qc3 Rxf4 29. Ne5 Rxf1+ 30. Bxf1 a4 31. Rf2 Qd6 32. Rf7 Rf8 33. Rd7 Qxa3 34. Qg3 Bg6 35. Nxg6 Rxf1+ 36. Kxf1 Qc1+ 37. Ke2 Qc2+ 38. Ke1 Qe4+ 39. Kf1 hxg6 40. Rd8+ Kf7 41. Qc7+ Kf6 42. Rf8+ Kg5 43. Qg3+ Qg4 44. h4+ 1-0

[Event "CZE-chT2A 1314"]
[Site "Czech Republic"]
[Date "2014.03.23"]
[Round "10.4"]
[White "Kuba, Jindrich"]
[Black "Srba, Milan"]
[Result "1-0"]
[WhiteElo "2236"]
[BlackElo "2130"]
[PlyCount "133"]
[EventDate "2013.11.03"]
[EventType "team-tourn"]
[EventRounds "11"]
[EventCountry "CZE"]
[SourceTitle "EXT 2015"]
[Source "ChessBase"]
[SourceDate "2014.11.20"]
[SourceVersion "1"]
[SourceVersionDate "2014.11.20"]
[SourceQuality "1"]
[WhiteTeam "Postovni sporitelna II"]
[BlackTeam "Praha Vrsovice"]
[WhiteTeamCountry "CZE"]
[BlackTeamCountry "CZE"]

1. e4 e6 2. d4 d5 3. Nc3 Nf6 4. Bg5 Bb4 5. e5 h6 6. Bd2 Bxc3 7. bxc3 Ne4 8. h4 c5 9. Qg4 g6 10. Bd3 Nxd2 11. Kxd2 Nc6 12. Nf3 Qe7 13. Rab1 b6 14. a4 Bd7 15. Ra1 Na5 16. Rhb1 0-0-0 17. Ke1 Kb7 18. Kf1 Rc8 19. Nd2 g5 20. h5 Rhf8 21. c4 f5 22. Qe2 Ka8 23. cxd5 exd5 24. Qf3 g4 25. Qf4 c4 26. Be2 Qh4 27. Kg1 Qxh5 28. Nf1 Qg5 29. g3 Qxf4 30. gxf4 Be6 31. Ne3 Nc6 32. c3 h5 33. Ng2 Na5 34. Kh2 Kb7 35. Kg3 Nb3 36. Ra2 Kc6 37. Bd1 Na5 38. Bc2 Kc7 39. Rh1 Rh8 40. Rb2 Rcf8 41. Rh4 a6 42. Rb1 Nc6 43. Rbh1 b5 44. Rxh5 Rxh5 45. Rxh5 b4 46. Rh7+ Kb6 47. Rh6 Re8 48. Ne3 bxc3 49. Nxf5 Nb4 50. Ng7 Nxc2 51. Nxe6 Nxd4 52. Nxd4+ Kc5 53. Nc2 d4 54. Rh1 d3 55. Ne3 Kd4 56. Nf5+ Ke4 57. Ne3 d2 58. Nxc4 Kd3 59. Ne3 c2 60. Nxc2 Kxc2 61. Kxg4 Rb8 62. f3 d1Q 63. Rxd1 Kxd1 64. f5 Re8 65. e6 Ke2 66. Kf4 Kd3 67. Ke5 1-0

[Event "CZE-chT2A 1314"]
[Site "Czech Republic"]
[Date "2014.03.02"]
[Round "9.4"]
[White "Srba, Milan"]
[Black "Cap, Adam"]
[Result "1-0"]
[WhiteElo "2130"]
[BlackElo "2075"]
[PlyCount "67"]
[EventDate "2013.11.03"]
[EventType "team-tourn"]
[EventRounds "11"]
[EventCountry "CZE"]
[SourceTitle "EXT 2015"]
[Source "ChessBase"]
[SourceDate "2014.11.20"]
[SourceVersion "1"]
[SourceVersionDate "2014.11.20"]
[SourceQuality "1"]
[WhiteTeam "Praha Vrsovice"]
[BlackTeam "Kladno"]
[WhiteTeamCountry "CZE"]
[BlackTeamCountry "CZE"]

1. e4 d6 2. d4 Nf6 3. Nc3 g6 4. Be3 c6 5. h3 b5 6. e5 dxe5 7. dxe5 Qxd1+ 8. Rxd1 Nfd7 9. f4 Bh6 10. g4 Nf8 11. Nxb5 Ne6 12. Bg2 Bb7 13. Ne2 Na6 14. Nbd4 Nxd4 15. Rxd4 Rb8 16. Rc4 c5 17. Bxb7 Rxb7 18. b3 Kd7 19. Kf2 Kc6 20. Rd1 Rb4 21. Rc3 Rc8 22. a3 Rb7 23. b4 Kb5 24. bxc5 Rbc7 25. c6 Nb8 26. Rb1+ Ka6 27. Rc4 Nxc6 28. Bd2 Na5 29. Ra4 Rc5 30. Nd4 Rd5 31. g5 Bf8 32. Ke1 Rc4 33. Rbb4 Rdxd4 34. Rxa5+ 1-0

[Event "CZE-chT2A 1314"]
[Site "Czech Republic"]
[Date "2013.12.15"]
[Round "4.2"]
[White "Srba, Milan"]
[Black "Contos, Vaclav"]
[Result "1-0"]
[WhiteElo "2130"]
[BlackElo "2115"]
[PlyCount "25"]
[EventDate "2013.11.03"]
[EventType "team-tourn"]
[EventRounds "11"]
[EventCountry "CZE"]
[SourceTitle "EXT 2015"]
[Source "ChessBase"]
[SourceDate "2014.11.20"]
[SourceVersion "1"]
[SourceVersionDate "2014.11.20"]
[SourceQuality "1"]
[WhiteTeam "Praha Vrsovice"]
[BlackTeam "Karlovy Vary II"]
[WhiteTeamCountry "CZE"]
[BlackTeamCountry "CZE"]

1. e4 c6 2. d4 d5 3. f3 dxe4 4. fxe4 e5 5. Nf3 exd4 6. Bc4 Be7 7. 0-0 Nf6 8. Ng5 0-0 9. Nxf7 Qa5 10. Ng5+ Kh8 11. e5 Nd5 12. Qh5 h6 13. Nf7+ 1-0